000 01076nam a2200205 4500
001 132107
003 ES-MaACL
007 t|
008 070214s1983 sp r ||||1| spa d
100 1 _aRodríguez Santos, Baltasar.
_998811
245 1 0 _aComentarios a la Ley de Seguridad Social /
_cBaltasar Rodríguez Santos.
250 _a3ª ed. act.
260 _aValladolid :
_bLex Nova,
_c1983.
300 _a3 v. ;
_c25 cm.
505 8 _aContiene: t. I: Gestión de la Seguridad Social : (entidades gestoras, afiliación, cotización y recaudación) ---- t. II: Accidentes de trabajo : (accidentes de trabajo, invalidez, muerte, pensiones y revisión). - Contiene además addenda suelta ---- t. III: Prestaciones : enfermedad profesional
740 0 _aGestión de la Seguridad Social : (entidades gestoras, afiliación, cotización y recaudación)
740 0 _aAccidentes de trabajo : (accidentes de trabajo, invalidez, muerte, pensiones y revisión). - Contiene además addenda suelta.
740 0 _aPrestaciones : enfermedad profesional.
852 _aES-MaACL
_jL-9786-8
999 _c132107
_d132107